Principles of CMOS VLSI design: A systems perspective

Na minha lista:
Detalhes bibliográficos
Autor principal: Neil H. E. Weste
Formato: Livro
Idioma:Undetermined
Publicado em: Reading, MA Addison Wesley Longman 1993
Assuntos:
Tags: Adicionar Tag
Sem tags, seja o primeiro a adicionar uma tag!
Thư viện lưu trữ: Trung tâm Học liệu Trường Đại học Cần Thơ
LEADER 00624nam a2200181Ia 4500
001 CTU_56327
008 210402s9999 xx 000 0 und d
082 |a 621.3'95 
082 |b W525 
100 |a Neil H. E. Weste 
245 0 |a Principles of CMOS VLSI design: A systems perspective 
245 0 |c Neil H. E. Weste and Kamran Eshraghian 
260 |a Reading, MA 
260 |b Addison Wesley Longman 
260 |c 1993 
650 |a intergrated circuits,metal oxide semiconductors, complementary 
650 |x very large scale integration,design and construction 
980 |a Trung tâm Học liệu Trường Đại học Cần Thơ